| 000 | 00000nam 2200000za 4500 |
| 001 | 9.690432 |
| 003 | CaOODSP |
| 005 | 20210624232326 |
| 007 | cr ||||||||||| |
| 008 | 150407|2005||||xxc|||||o f|0| 0 eng d |
| 020 | |a978-0-662-47103-5 |
| 040 | |aCaOODSP|beng |
| 043 | |an-cn--- |
| 086 | 1 |aA42-107/2005E-PDF |
| 110 | 1 |aCanada. |bAgriculture and Agri-Food Canada. |bResearch Branch. |
| 245 | 10|aDirectory of microbial pesticides for agricultural crops in OECD countries |h[electronic resource] |
| 260 | |bAgriculture and Agri-Food Canada. |cRevised September 2005. |
| 300 | |a242p. |
| 590 | |a08-49|b2008-12-05 |
| 690 | 07|aCrops|2gcpds |
| 690 | 07|aPesticides|2gcpds |
| 775 | 08|tCatalogue de pesticides microbiens utilisés pour les récoltes dans les pays de l'OCDE |w(CaOODSP)9.634796 |
| 794 | |tDirectory of microbial pesticides for agricultural crops in OECD countries |w(CaOODSP)9.692793 |
| 856 | 40|ahttp://publications.gc.ca|qPDF|s827 KB|uhttps://publications.gc.ca/collections/collection_2008/agr/A42-107-2005E.pdf |